| 000 | 00510nam a2200181Ia 4500 | ||
|---|---|---|---|
| 001 | 2918 | ||
| 005 | 20260306144842.0 | ||
| 008 | 260306t2008||||xx |||||||||||||| ||spa|| | ||
| 041 | _aESP | ||
| 082 |
_a233.08 _bA59 |
||
| 100 |
_aAndereggen, Ignacio Eugenio María _eAUT |
||
| 245 | 0 |
_aAntropología profunda: _bel hombre ante Dios según San to Tomás de Aquino y el pensamiento moderno |
|
| 260 | _c2008 | ||
| 300 |
_a493 páginas : _c23 cm. |
||
| 650 | _aGEN | ||
| 654 | _aCHU | ||
| 942 |
_cLIB _dJUS _fJUS _2ddc _n |
||
| 999 |
_c2918 _d2918 |
||